000 01001cad a22002295a 4500
001 L147417
008 090511s2009 xxub f s 000 0 eng d
035 _a(Sirsi) u147417
041 0 _aeng
050 0 4 _a333.33 $2 18
110 2 _aPramerica Real Estate Investors
_95594
245 0 0 _aUS quarterly market perspective
_bApril 2009
_h[electronic resource]
260 _aParsipanny, NJ
_bPramerica Real Estate Investors
_c2009
490 0 _aPREI US Quarterly Market Perspective
_vApril 2009
520 _aReports that the commercial property market is still suffering due to increasing unemployment and falling customer spending. Transaction activity remains slow and property values are falling fast.
521 _aAdvanced
590 _aKA
651 4 _aUnited States
_y1959-
690 _aPROPERTY-COMMERCIAL PROPERTY-COMMERCIAL PROPERTY MARKET
856 4 0 _uhttps://www.pramericarei.com/pramerica/realestate/index.html
_zView the item free of charge at www.pramericarei.com...
942 _n0
999 _c109547
_d109547